Geography : H - Statistics

General Stats
  • This quiz has been taken 20 times
    9 since last reset
  • The average score is 38 of 189
Answer Stats
Hint Answer % Correct
City in eastern Ghana Ho
100%
Largest city in Vietnam Ho Chi Minh
100%
River that flows through Seoul and the site of a 'miracle' Han
89%
Capital of Vietnam Hanoi
89%
Capital and largest city in Tasmania Hobart
89%
Poorest country in North America Haiti
78%
Second largest city in Germany, Germany's largest port and its own city state Hamburg
78%
Pacific island state of the US Hawaii
78%
Tallest mountain range in the world Himalayas
78%
Largest language in India Hindi
78%
Northern island of Japan Hokkaido
78%
Large and dangerous country in Central America Honduras
78%
Main island of Japan Honshu
78%
River in New York Hudson
78%
Large gulf in Canada Hudson Bay
78%
Largest island in China Hainan
67%
Religious Muslim city in eastern Ethiopia Harar
67%
Capital of Zimbabwe Harare
67%
Largest city in Crete Heraklion
67%
Main religion in India and Nepal Hinduism
67%
People that follow this religion Hindus
67%
Major city in southern Japan that was nuked Hiroshima
67%
Largest city and capital of that state Honolulu
67%
"Croatia" in Croatian Hrvatska
67%
Country south of Slovakia Hungary
67%
One of the Great Lakes Huron
67%
Second largest urban area in Israel and Israel's main coastal port Haifa
56%
Capital and largest city of Nova Scotia Halifax
56%
Another name for this city Hannover
56%
Largest city in Lower Saxony Hanover
56%
City east of Mannheim Heidelberg
56%
Major port city in southern China, that was formerly a colony of the UK Hong Kong
56%
Capital and largest city in the Solomon Islands Honiara
56%
Largest city in Texas Houston
56%
Province in central China where Covid-19 originated from Hubei
56%
Fourth largest city in India/Major city in southern Pakistan Hyderabad
56%
Third largest city in the North Island of New Zealand/Major city in Ontario Hamilton
44%
Largest city in Zhejiang, and former capital of China Hangzhou
44%
Largest city in this province Harbin
44%
Region in southern Bosnia Herzegovina
44%
State in central Germany Hesse
44%
City in central Vietnam Hue
44%
City on its shores Hull
44%
City east of Dortmund Hamm
33%
Capital of Pennsylvania Harrisburg
33%
Province surrounding the cities of Beijing and Tianjin Hebei
33%
Capital of Montana Helena
33%
Swedish city close to Denmark Helsingborg
33%
Another name for this state Hessen
33%
City in western Andalusia Huelva
33%
City in northern Aragon Huesca
33%
River in eastern England Humber
33%
Landlocked province in southern China Hunan
33%
City south of Dortmund, in the Ruhr area Hagen
22%
Largest city on this island Haikou
22%
City in southern Saxony-Anhalt Halle
22%
Another city just north of this city Hama
22%
Coastal city between Nagoya and Shizuoka Hamamatsu
22%
Majority linguistic and ethnic group in northern Nigeria and southern Niger Hausa
22%
City in northern Baden-Wurttemberg Heilbronn
22%
Second largest city in the state Hilo
22%
Northeastern city in Bavaria Hof
22%
Region in western Netherlands/City in western Michigan Holland
22%
City in Florida/Suburb in California Hollywood
22%
Region in northern Germany Holstein
22%
Another name for the Vatican City Holy See
22%
City in southeastern Belarus Homel
22%
Third largest city in Syria Homs
22%
Strait between Iran and Oman Hormuz
22%
City in northern Alabama Huntsville
22%
Coastal city in the north of Japan Hachinohe
11%
Large coastal city near the city above Hai Phong
11%
Southern city in the same island as Sapporo Hakodate
11%
Disputed area of land between Egypt and Sudan Halaib
11%
Largest city in Somaliland Hargeisa
11%
Indian state west of Delhi Haryana
11%
Northernmost region in France Hauts-de-France
11%
Bay and region in eastern New Zealand Hawke's Bay
11%
French border city with Spain Hendaye
11%
Suburb and satellite city of Las Vegas Henderson
11%
City in northwestern Afghanistan that got annihilated by a Soviet attack Herat
11%
City southeast of the city above Hildesheim
11%
Indian mountain state Himachal Pradesh
11%
City southwest of Aomori Hirosaki
11%
Another coastal city just further north Hitachi
11%
Second largest city in Inner Mongolia Hohhot
11%
Spanish border city opposite the city above Hondarribia
11%
City in central Arkansas Hot Springs
11%
City in western Belarus Hrodna
11%
Third largest city in Angola Huambo
11%
Large city in Guangdong province Huizhou
11%
Large coastal city in eastern Egypt with an important airport Hurghada
11%
City on the southern shores of Lake Tai Huzhou
11%
Western Estonian coastal city Haapsalu
0%
City north of Netanya Hadera
0%
Largest city in Socotra Hadiboh
0%
Coastal region shared by Yemen and Oman Hadramout
0%
Coastal city south of Pyongyang and that used to belong to South Korea Haeju
0%
City in western Maryland Hagerstown
0%
City in northern Saudi Arabia and the capital of the Emirate of Jabal Shammar Ha'il
0%
Region in Wallonia Hainaut
0%
Afghan border city opposite Termez, Uzbekistan Hairatan
0%
Remote Burmese mountain town Hakha
0%
Kurdish city that got gassed in a genocide under Saddam Hussein Halabja
0%
Another name for this region Halayeb
0%
Indian port and industrial city near Kolkata Haldia
0%
Second largest city in Uttarakhand Haldwani
0%
City and famous bay in northern Vietnam Ha Long
0%
Another name for this city Hamah
0%
Inland Norwegian city Hamar
0%
Large city in western Iran Hamedan
0%
City in southern Finland Hameenlinna
0%
Large region in North Korea that stretches along most of its eastern coast Hamgyong
0%
Second largest city in North Korea Hamhung
0%
Coastal city on Tunisia's peninsula Hammamet
0%
Sister city south of Xingtai Handan
0%
"Korea" in Korean Hanguk
0%
Town and peninsula in southwestern Finland Hanko
0%
City in northeastern Missouri Hannibal
0%
City in southern Shaanxi Hanzhong
0%
Another name for this city Hargeysa
0%
City in western Virginia Harrisonburg
0%
City in Syrian Kurdistan Hasakah
0%
City in southeastern Bulgaria Haskovo
0%
City in northeastern Belgium Hasselt
0%
Desert city in Algeria Hassi Messaoud
0%
Major city in that region/City in UK Hastings
0%
Turkish province that used to be part of French Syria Hatay
0%
City in southern Mississippi Hattiesburg
0%
City in southern Thailand Hat Yai
0%
Largest city fully in the West Bank Hebron
0%
Dutch border city east of Maastricht Heerlen
0%
Remote city in the east of this province Hegang
0%
Largest Manchurian province Heilongjiang
0%
Danish city opposite to the city above Helsingor
0%
Heavily polluted and overpopulated province of northern China Henan
0%
Sister city of Enschede Hengelo
0%
City south of Changsha Hengyang
0%
Coastal town in western Montenegro Herceg Novi
0%
City in western England Hereford
0%
Coastal city south of Cape Town Hermanus
0%
Largest city in Sonora Hermosillo
0%
Another suburb of Tel Aviv Yafo, just to the north Herzliya
0%
State in central Mexico Hidalgo
0%
Major Estonian island Hiiumaa
0%
City south of Baghdad Hillah
0%
Island in southern South Carolina Hilton Head
0%
Another name for this city Hims
0%
Main mountain range in central Afghanistan Hindu Kush
0%
City in southern Myanmar Hinthada
0%
City designated as an alternative site of planning to Delhi Hisar
0%
City northeast of Tokyo and near the site of a devastating nuclear accident Hitachinaka
0%
Tallest mountain in Myanmar Hkakabo Razi
0%
Another name for this city Hodeidah
0%
City in the far north of North Korea, bordering China Hoeryong
0%
Saudi Arabian city south of Dammam Hofuf
0%
Large city in southern Cuba Holguin
0%
Satellite city and suburb of Tel Aviv Yafo Holon
0%
City in western Denmark Holstebro
0%
Voivodeship in southeastern Poland Holy Cross
0%
Another name for this city Homyel
0%
City in southern Yunnan Honghe
0%
Dutch coastal city Hoorn
0%
Indigenous people inhabiting northern Arizona Hopi
0%
City northeast of Donetsk Horlivka
0%
Iranian province next to that strait Hormozgan
0%
City in central Denmark Horsens
0%
Remote town in western Victoria Horsham
0%
Border city of Tamil Nadu, right next to Bangalore Hosur
0%
Remote city in southwestern Xinjiang Hotan
0%
Ethnic and religious group in western Yemen that fought for control of the country Houthis
0%
Large lake in Mongolia Hovsgol
0%
City not too far north from Pardubice Hradec Kralove
0%
City in central Armenia Hrazdan
0%
City in northwestern Taiwan Hsinchu
0%
City in central Jiangsu Huai'an
0%
City in eastern Taiwan Hualien
0%
Peruvian city with a high percentage of indigenous peoples Huancavelica
0%
City east of Lima, "a mile across the Andes" Huancayo
0%
City directly south of Tianjin, forming a metropolitan area with Cangzhou Huanghua
0%
City northeast of Lima Huanuco
0%
City north of Lima Huaraz
0%
Another name for this city Hubballi
0%
City in western Karnataka Hubli
0%
Coastal city in western Yemen Hudaydah
0%
City northeast of Pyongyang Huichon
0%
Coastal city in Liaoning Huludao
0%
City in western West Virginia Huntington
0%
Fertile, low-lying region in southwestern North Korea Hwanghae
0%
No matching quizzes found
Score Distribution
Percent of People with Each Score
Percentile by Number Answered
Your Score History
You have not taken this quiz since the last reset